000 00460nam a2200181Ia 4500
003 GCL
040 _aGCL /
_cGCL
082 0 4 _a863
_bH G
100 1 _aHANDKE, PETER
245 1 0 _aDER GE WOHNLICHE SEHRECKEN HORRORGES CHICTEN /
_cHANDKE, PETER
260 _a[S.N] :
_bDEUTSCHER TASCHENBUCH VERLAG ،
_c1971
300 _a168 P
650 0 4 _aLITERATURE
650 0 4 _aFICTION
650 0 4 _aGERMAN FICTION
650 0 4 _aGERMAN LITERATURE
942 _2ddc
_cBK
999 _c13731
_d13731